00149 2200073 4500001002100000990001800021990001800039990001800057INLIS000000000014973 a019522.033685 a019522.033684 a019522.033686